|
|
|
|
| LEADER |
00000nab a2200000 ar4500 |
| 001 |
vtls009624565 |
| 003 |
SK-MaSNL |
| 005 |
20260303060506.0 |
| 008 |
090706c2009 xo |r|p|||||||000 b|slo |
| 015 |
|
|
|a SNBRB2009/07
|2 snkbucl
|
| 038 |
|
|
|a SNKBUCL
|
| 040 |
|
|
|a SNKBUCL
|b slo
|c SNKBUCL
|e AACR2
|
| 041 |
0 |
|
|a slo
|
| 044 |
|
|
|a xo
|c SK
|
| 080 |
|
|
|a 82.09:821.133.1-31
|2 2001
|
| 080 |
|
|
|a 821.133.1-31.09
|2 2001
|
| 100 |
1 |
|
|a Šuleková, Margita
|4 aut
|9 1053395
|
| 245 |
1 |
0 |
|a Gilles Leroy: Alabama Song
|c Margita Šuleková
|
| 600 |
1 |
7 |
|a Leroy, Gilles,
|d 1959-
|t Alabama Song
|2 snkbucl
|9 1053396
|
| 655 |
|
7 |
|a prehľady
|2 snkbucl
|9 70194
|
| 773 |
0 |
|
|t Knižná revue
|g Roč. XIX, č. 12 (2009), s. 9
|x 1210-1982
|
| 852 |
|
|
|a SNK
|b KIS3GCP
|
| 958 |
|
|
|a FR
|
| 958 |
|
|
|a LX
|
| 999 |
|
|
|c 1731621
|d 1733551
|